| 000 | 00862nam a2200265 4500 | ||
|---|---|---|---|
| 003 | OSt | ||
| 005 | 20260601193528.0 | ||
| 008 | 260504b1978 sp ||||| |||| 00| 0 spa d | ||
| 020 | _a8425208580 | ||
| 040 |
_aICI _bspa _cICI |
||
| 041 | _aspa | ||
| 050 |
_aHT167 _bM66 |
||
| 100 | 1 |
_aMorris, David J., _eautor _936102 |
|
| 245 | 1 |
_aEl poder del vecindario : _bEl nuevo localismo / _cDavid Morris, Karl hess ; versión de Homero Alsina Thevenet ; rev. Joaquín Romaguera i Rmió |
|
| 264 |
_aBarcelona : _bGustavo Gili, _c1978 |
||
| 300 | _a177 páginas | ||
| 336 |
_atexto _2rdacontent |
||
| 337 |
_asin medio _2rdamedia |
||
| 338 |
_avolumen _2rdacarrier |
||
| 490 | 0 | _aColección Tecnología y sociedad | |
| 650 |
_aVecindarios _936103 |
||
| 650 |
_aUrbanismo _zEstados Unidos _936104 |
||
| 700 |
_aHess, Karl, _d1923- , _eautor _936105 |
||
| 942 |
_2lcc _cB _n1 |
||
| 999 |
_c21272 _d21272 |
||